A escribir se ha dicho! : de la oración al párrafo/ (Record no. 18597)

MARC details
000 -LEADER
fixed length control field 00523nam a22001817a 4500
001 - CONTROL NUMBER
control field sjds170146
003 - CONTROL NUMBER IDENTIFIER
control field sjds
005 - DATE AND TIME OF LATEST TRANSACTION
control field 20170717150413.0
008 - FIXED-LENGTH DATA ELEMENTS--GENERAL INFORMATION
fixed length control field 170717b pr||||| |||| 00| 0 spa d
020 ## - INTERNATIONAL STANDARD BOOK NUMBER
International Standard Book Number 9781563283543 (pbk.)
040 ## - CATALOGING SOURCE
Transcribing agency sjds
041 ## - LANGUAGE CODE
Language code of text/sound track or separate title spa
100 ## - MAIN ENTRY--PERSONAL NAME
Personal name Sanavitis, Yvonne
245 ## - TITLE STATEMENT
Title A escribir se ha dicho! : de la oración al párrafo/
Statement of responsibility, etc. Yvonne Sanavitis [and others].
260 ## - PUBLICATION, DISTRIBUTION, ETC. (IMPRINT)
Place of publication, distribution, etc. San Juan, PR :
Name of publisher, distributor, etc. Plaza Mayor,
Date of publication, distribution, etc. 2009.
300 ## - PHYSICAL DESCRIPTION
Extent 247 pages :
Other physical details illustrations ;
Dimensions 27 cm
942 ## - ADDED ENTRY ELEMENTS (KOHA)
Source of classification or shelving scheme Dewey Decimal Classification
Koha item type Libro/Book
Holdings
Withdrawn status Lost status Source of classification or shelving scheme Damaged status Not for loan Home library Current library Shelving location Date acquired Total Checkouts Full call number Barcode Date last seen Price effective from Koha item type
    Dewey Decimal Classification   Reference San Juan Del Sur -- Biblioteca San Juan Del Sur -- Biblioteca Reference 17/07/2017   REF 468 San 30024431 17/07/2017 17/07/2017 Reference

Powered by Koha